Pioniersky tábor ROH Naftár

Zobrazenie: Štyri čiastkové pohľady oddelené bielymi líniami. V strede je medzi pohľadmi vodorovne bielym písmom na červenom podklade názov. Pohľad na deti s jednou dospelou ženou sediace v skupine v tráve na svahu v popredí. Za nimi sú vpravo dve drevené chaty a vľavo poschodová budova. Uprostred z...

Full description

Bibliographic Details
Other Authors: Paul, P. (fotograf) (Photographer)
Format: Photo
Language:Slovak
PhysicalDescription:1 pohľadnica (4 čiastkové pohľady) farebná 15 x 11 cm
Published: Bratislava ČSTK-Pressfoto 1987
Subjects:

MARC

LEADER 00000ckm a2200000 a 4500
001 vtls001233292
003 SK-MaSNL
005 20260331203306.0
007 kf co
008 130621s1987 xo g 0kuslo
015 |a SNBG1987 
035 |a SNK000180300 
040 |a SNK  |b slo  |c SNK  |e AACR2 
041 0 |a slo 
043 |a e-xo--- 
044 |a xo  |c SK 
072 7 |a 913  |x Regionálna geografia  |2 konspekt 
080 |a 913(437.6)  |2 2011 
080 |a 908(437.6)  |2 2011 
080 |a (084.121)  |2 2011 
080 |a 913.437.624(084.121)  |2 1981 
080 |a 633.2.03  |2 2011 
080 |a 630*10  |2 2011 
080 |a 728.61  |2 2011 
080 |a 725.84  |2 2011 
080 |a 711.455.8  |2 2011 
100 1 |a Paul, P.  |c (fotograf)  |4 pht  |9 60489 
245 1 0 |a Pioniersky tábor ROH Naftár  |h grafika  |c foto: P. Paul ; výtvarný návrh: M. Menclová 
246 1 |i Názov na adresnej časti:  |a Nafta, koncernový podnik Gbely  |b Pioniersky tábor ROH Naftár, Plavecký Mikuláš 
260 |a Bratislava  |b ČSTK-Pressfoto  |c 1987  |e Skalica  |f Grafobal 
300 |a 1 pohľadnica (4 čiastkové pohľady)  |b farebná  |c 15 x 11 cm 
500 |a Názvové údaje prevzaté z obrazovej časti pohľadnice 
520 8 |a Zobrazenie: Štyri čiastkové pohľady oddelené bielymi líniami. V strede je medzi pohľadmi vodorovne bielym písmom na červenom podklade názov. Pohľad na deti s jednou dospelou ženou sediace v skupine v tráve na svahu v popredí. Za nimi sú vpravo dve drevené chaty a vľavo poschodová budova. Uprostred záberu je ďalšia skupina ľudí. Vľavo je vidno časť koruny stromu, vpravo v pozadí je hustý ihličnatý les. Pohľad na drevené stoly na lúke v popredí. Za nimi v pozadí vidno šesť drevených chát na okraji hustého lesa. Pohľad na poschodovú rekreačnú budovu na vrchu trávnatého svahu. V popredí stoja dvaja ľudia, na schodoch a lúke pod budovu sú ďalšie skupiny ľudí. Vľavo je za párom dvoch ľudí vysoký ihličnatý strom. Vpravo v pozadí za budovou vidno hustý les. Pohľad na poschodovú drevenú chatu. Pred ňou je rad detí a dospelých. Vľavo v popredí vidno korunu vysokého listnatého stromu. V pozadí za chatou je hustý les 
650 0 7 |a lúky  |2 SNKPH  |9 3676 
650 0 7 |a lesy  |2 SNKPH  |9 1437 
650 0 7 |a chaty  |2 SNKPH  |9 29339 
650 0 7 |a rekreačné zariadenia  |2 SNKPH  |9 3012 
650 0 7 |a pionierske tábory  |2 SNKPH  |9 55199 
651 7 |a Plavecký Mikuláš (Slovensko)  |2 SNKPHgeo  |9 75945 
655 7 |a geografické pohľadnice  |2 SNKPH  |9 70522 
655 7 |a miestne pohľadnice  |2 SNKPH  |9 70510 
700 1 |a Menclová, Milica  |c (grafička)  |4 art  |9 283289 
852 |a Slovenská národná knižnica 
954 |a pohľadnice pôvodné (slovenské)  |2 lita 
958 |a GBN 
958 |a GC 
958 |a OND 
999 |c 861306  |d 863236 
952 |a SNK  |b SNK  |y PREZ  |7 0  |p 17A1408173  |o snkSP 138245  |i snk1687/87  |0 0  |1 0  |4 0  |d 2022-03-29  |f 1  |l 0  |r 2026-02-24 05:12:07  |w 2026-02-24 
952 |a SNK  |b SNK  |y PREZ  |7 0  |p 17A1408174  |o snkSP 138245 D1  |i snk1688/87  |0 0  |1 0  |4 0  |d 2022-03-29  |l 0  |r 2026-02-24 05:12:07  |w 2026-02-24